| 000 | 00557nam a2200193Ia 4500 | ||
|---|---|---|---|
| 003 | GCL | ||
| 008 | 140319s9999 xx 000 0 ara d | ||
| 040 |
_aGCL / _cGCL |
||
| 082 | 0 | 4 |
_a027.8 _bس م |
| 100 | 1 | _aسعيد احمد حسن | |
| 245 | 1 | 0 |
_aالمكتبة المدرسية ورسالتها التربوية / _cسعيد احمد حسن |
| 300 | _a132 ص | ||
| 490 | _a | ||
| 650 | 0 | 4 | _aتصنيف الكتب |
| 650 | 0 | 4 | _aمراكز المعلومات |
| 650 | 0 | 4 | _aالمكتبات |
| 650 | 0 | 4 | _aالوثائق, تصنيف |
| 942 |
_2ddc _cBK |
||
| 999 |
_c40777 _d40777 |
||